00439nam a2200157Ia 45000010006000000050017000060080041000230410008000640820015000721000065000872450076001522600009002283000028002376500008002656540008002731654820260306170317.0260306t2019||||xx |||||||||||||| ||und|| aESP a348.8bD84 aDivisión de Estudios Jurídicos de Gaceta JurídicaeAUT 0a700 criterios jurisprudenciales laborales que todo abogado debe conocer c2019 a446 páginas :c25 cm. aGEN aCDE